| Tag |
First Indicator |
Second Indicator |
Subfields |
| LEADER |
00000cam a2200000 a 4500 |
| 001 |
in00001197921 |
| 005 |
20151002063607.0 |
| 007 |
hd afv---baca |
| 008 |
900426s1863 ncu aw s000 0 eng d |
| 035 |
|
|
|a (OCoLC)21433916
|
| 035 |
|
|
|9 AGJ7987AM
|
| 040 |
|
|
|a FEI
|c FEI
|d UtOrBLW
|
| 043 |
|
|
|a n-us-nc
|
| 049 |
|
|
|a TXAI
|
| 090 |
|
|
|a E487
|b .C66 1974 reel 53 no. 1863-1
|
| 099 |
|
|
|a Film
|a B 1664
|a reel 53, no. 1863-1.
|
| 110 |
1 |
|
|a North Carolina.
|b Supreme Court.
|
| 245 |
1 |
0 |
|a Reports of cases at law, argued and determined in the Supreme Court of North Carolina, June term, 1863 /
|c by Hamilton C. Jones.
|
| 264 |
|
3 |
|a Salisbury, N.C. :
|b Printed by J.J. Bruner,
|c 1863.
|
| 300 |
|
|
|a 196 pages, 1 unnumbered page ;
|c 25 cm.
|
| 336 |
|
|
|a text
|b txt
|2 rdacontent
|
| 337 |
|
|
|a microform
|b h
|2 rdamedia
|
| 338 |
|
|
|a microfilm reel
|b hd
|2 rdacarrier
|
| 500 |
|
|
|a Title from cover.
|
| 500 |
|
|
|a At head of title: Number 1. Volume 9.
|
| 500 |
|
|
|a Includes index.
|
| 500 |
|
|
|a Filmed from the holdings of University of Georgia Libraries, Athens, Georgia.
|
| 533 |
|
|
|a Microfilm.
|b New Haven, Conn. :
|c Research Publications,
|d [1974].
|e On reel 53 of 143 microfilm reels ; 35 mm.
|f (Confederate imprints, 1861-1865 ; reel 53, no. 1863-1).
|
| 539 |
|
|
|a s
|b 1974
|d ctu
|e n
|
| 500 |
|
|
|a Microform.
|
| 650 |
|
0 |
|a Law reports, digests, etc.
|z North Carolina.
|
| 651 |
|
0 |
|a North Carolina
|x Politics and government
|y 1861-1865.
|
| 700 |
1 |
|
|a Jones, Hamilton Chamberlain,
|d 1798-1868.
|
| 830 |
|
0 |
|a Confederate imprints, 1861-1865 ;
|v reel 53, no. 1863-1.
|
| 999 |
|
|
|a MARS
|
| 999 |
f |
f |
|s fb3282f3-a17c-37c7-b4ab-74147aabd3db
|i 03bd6425-b77a-3c13-ad3a-50f546d9c84b
|t 0
|
| 952 |
f |
f |
|p default
|a Texas A&M University
|b College Station
|c Sterling C. Evans Library
|d Evans: Microforms (3rd floor)
|t 0
|e Film B 1664 reel 53, no. 1863-1.
|h Other scheme
|i microform -- microfilm reel
|
| 998 |
f |
f |
|a Film B 1664 reel 53, no. 1863-1.
|t 0
|l Evans: Microforms (3rd floor)
|